{"text_format":"3","workbook":"xls","n_sheets":1,"sheets":["日报表"],"read":"whole","date_system":"1900","formulas":"cached_only"}

{"sheet":"日报表","index":0,"n_rows":24,"n_cols":13,"rows_kept":24,"merged":[[1,2,1,11],[2,2,2,11],[3,2,3,11],[10,2,10,11],[11,2,11,11],[12,2,12,11]],"flags":["formulas_cached_only"]}
[]
[null,null,"五金收料统计日报表"]
[null,null,"日期： 2019    年    6  月  13  日                             填表人： 梅瑞雪"]
[null,null,"单位：大力神管桩有限公司"]
[null,"入库单号","品名","规格","数量","单位","单价","金额","供应商名称","联系方式","采购员","检验员","备注"]
[null,"WIN0050834","溢流阀","DB10-1-30/315",2,"个",250,500,"淮北市相山区派克气动液压销售部",null,"戴春举","李勇","先导式溢流阀"]
[]
[]
[]
[]
[null,null,"五金收料统计日报表"]
[null,null,"日期： 2019    年    6  月  14  日                             填表人： 梅瑞雪"]
[null,null,"单位：大力神管桩有限公司"]
[null,"入库单号","品名","规格","数量","单位","单价","金额","供应商名称","联系方式","采购员","检验员","备注"]
[null,"WIN0050853","轴承","22228CAK/W33",10,"个",380,3800,"枣庄市坤泰商贸有限公司",13506323969,"戴春举","梅瑞雪","中国洛轴"]
[null,"WIN0050854","锨把",null,20,"个",6.5,130,"现金供应商（台儿庄区恒发五金店）",15266327127,"戴春举","梅瑞雪","槐木"]
[null,null,"锨头",null,20,"个",8.5,170,{"$nulls":3},"梅瑞雪","小：韩钢牌10个，大：金刚牌10个"]
[null,null,"双排链轮","6分双18齿",2,"个",30,60,{"$nulls":3},"王庆洛"]
[null,null,"轴承","6003",40,"个",5,200,{"$nulls":3},"吕臣辉","中国洛轴"]
[null,null,"内六角螺丝","M10*30",200,"个",0.25,50,{"$nulls":3},"梅瑞雪","苏城8.8级"]
[null,null,"六角螺母","M36",30,"个",4.5,135,{"$nulls":3},"梅瑞雪","8.8级"]
[null,null,"油封","125-150-12",10,"个",7,70,{"$nulls":3},"吕臣辉","DTO"]
[null,null,"螺丝","M18*100",100,"个",2.28,228,{"$nulls":3},"梅瑞雪"]
[null,null,"六角螺母","M18",100,"个",0.42,42,{"$nulls":3},"梅瑞雪"]